Normal view
MARC view
Entry Topical Term
001 - CONTROL NUMBER
- control field: 17526
003 - CONTROL NUMBER IDENTIFIER
- control field: OSt
005 - DATE AND TIME OF LATEST TRANSACTION
- control field: 20240620122159.0
008 - FIXED-LENGTH DATA ELEMENTS
- fixed length control field: 240620|| aca||aabn | a|a d
040 ## - CATALOGING SOURCE
- Original cataloging agency: OSt
- Transcribing agency: OSt
150 ## - HEADING--TOPICAL TERM
- Topical term or geographic name entry element: Physics
- General subdivision: Philosophy
- General subdivision: History
670 ## - SOURCE DATA FOUND
- Source citation: Work cat.: (OSt)8668: Kilmister, C. W. (Clive William) 17525, Eddington's search for a fundamental theory :, 1994.
